| 000 -LEADER |
| fixed length control field |
00518nam a22001457a 4500 |
| 020 ## - INTERNATIONAL STANDARD BOOK NUMBER |
| International Standard Book Number |
9788175060371 |
| 082 ## - DEWEY DECIMAL CLASSIFICATION NUMBER |
| Classification number |
N1x54 Su16 |
| 100 ## - MAIN ENTRY--PERSONAL NAME |
| Personal name |
Subramanian, T.K.V. |
| 9 (RLIN) |
11788 |
| 245 ## - TITLE STATEMENT |
| Title |
C I S F: |
| Remainder of title |
forces of the future |
| Statement of responsibility, etc |
by Subramanian, T.K.V., Bhuvan Kumar Jha and Manoj Sharma |
| 260 ## - PUBLICATION, DISTRIBUTION, ETC. (IMPRINT) |
| Place of publication, distribution, etc |
New Delhi |
| Name of publisher, distributor, etc |
Sheriden Book |
| Date of publication, distribution, etc |
2019 |
| 300 ## - PHYSICAL DESCRIPTION |
| Extent |
xxvi, 410p. |
| 650 ## - SUBJECT ADDED ENTRY--TOPICAL TERM |
| Topical term or geographic name as entry element |
Sinha, Kanchan, -- 1967- Central Industrial Security Force (India) -- India |
| 9 (RLIN) |
15122 |
| 700 ## - ADDED ENTRY--PERSONAL NAME |
| Personal name |
Jha, Bhuvan Kumar |
| 9 (RLIN) |
11789 |
| 700 ## - ADDED ENTRY--PERSONAL NAME |
| Personal name |
Sharma, Manoj |
| 9 (RLIN) |
11790 |